Úloha financií v rozvíjaní sústavy plánovitého riadenia národného hospodárstva kandidátska dizertačná práca

Uložené v:
Podrobná bibliografia
Hlavný autor: Valášek, František
Korporativný autor: Vysoká škola ekonomická v Bratislave. Národohospodárska fakulta
Médium: Kniha
Jazyk:Slovak
Vydavateľské údaje: Bratislava 1983
Tagy: Pridať tag
Žiadne tagy, Buďte prvý, kto otaguje tento záznam!

MARC

LEADER 00000nam a2200000 4500
001 c040891
005 20221220085846.7
041 0 |a slo 
044 |a SK 
245 1 0 |a Úloha financií v rozvíjaní sústavy plánovitého riadenia národného hospodárstva  |b kandidátska dizertačná práca  |c František Valášek 
264 1 |a Bratislava  |c 1983 
300 |a 116 s. 
100 1 |a Valášek, František 
710 2 |a Vysoká škola ekonomická v Bratislave. Národohospodárska fakulta